000 00360pab a2200145 454500
008 180718b1985 xxu||||| |||| 00| 0 eng d
100 _aWiatrowski, Michael D.
245 _aIssues in police performance evaluation
260 _c1985
300 _a49-59
362 _aJan..
650 _aPolice - Service Rating
773 _aPolice Journal
909 _a15174
999 _c15174
_d15174